000 00480nam a2200193Ia 4500
001 1223
008 140313s9999 xx 000 0 und d
020 _a70577838
040 _cPK-LaUMT
082 _a 610.28
_bHAN-
100 _aRichard Skalak
245 _aHandbook of bioengineering
_cRichard Skalak<>Shu, Co-Chien
260 _aNew York, USA:
_bMcGraw-Hill,
_c1986.
300 _a500 p.
546 _aEN
650 _aBiomechanics
700 _aShu, Co-Chien
942 _cBK
999 _c1532
_d1532